000
00337 a2200121 4500
001
ART_7810
005
20260410161638.0
008
260409a
245
1
0
_a
El Impuesto a las Ganancias
100
1
_a
Lorenzo, Armando
700
1
_a
Cavalli, César M.
773
0
_t
Consultor tributario
_g
- Nº 12 (feb. 2008)
_w
REV474
999
_c
13054
_d
13054